000 00254nam a22001217a 4500
003 SGT
082 _a370
_bKAK
100 _aKAKAR, NAMITA
245 _aGUIDANCE AND COUNSELING
260 _aDELHI
_bRI PUB.
_c2018
300 _a285
942 _2ddc
_cBK
_02
999 _c17601
_d17601